Statistics for Awkwafina Movies

Click here to take the quiz!

General Stats

  • This quiz has been taken 13 times
    (10 since last reset)
  • The average score is 13 of 28

Answer Stats

YearMovie% Correct
2018Crazy Rich Asians
100%
2024IF
100%
2023Migration
100%
2021Raya and the Last Dragon
100%
2021Shang-Chi and the Legend of the Ten Rings
100%
2019Between Two Ferns: The Movie
50%
2021Breaking News in Yuba County
50%
TBDGrand Death Lotto
50%
2019Jumanji: The Next Level
50%
2024Kung Fu Panda 4
50%
2018Ocean's Eight
50%
2019Paradise Hills
50%
2023Quiz Lady
50%
2023Renfield
50%
2016Storks
50%
2021Swan Song
50%
2019The Angry Birds Movie 2
50%
2022The Bad Guys
50%
2023The Little Mermaid
50%
2025Wildwood
50%
2018Dude
0%
2022Everything Everywhere All At Once
0%
2019If I Could Tell You Just One Thing
0%
2016Neighbors 2: Sorority Rising
0%
TBDShang-Chi 2
0%
TBDThe Baccarat Machine
0%
2019The Farewell
0%
2020The SpongeBob Movie: Sponge on the Run
0%

Score Distribution

Percentile by Number Answered

Percent of People with Each Score

Your Score History

You have not taken this quiz since the last reset